00221nam a2200097Ia 4500008004100000082001200041100001700053245002000070260001800090600001500108241002s9999 xx 000 0 und d a824 ARB aArberry, A.J 0aOriental Essays aLondon:c1960 aLiterature